The Four Game Quiz Stats

 Plays Quiz Updated Nov 13, 2018

Score 0/19 Timer 05:00
0 Plays Today
Hint Answers % Correct
Mr. Fantastic, Thing, Human Torch, and Invisible Woman make up this comic groupFantastic Four
90%
Considered lucky if found by accident, usually considered a weedFour-Leaf Clover
89%
Where Utah, Arizona, New Mexico and Colorado meetFour Corners
85.9%
The semi-finals of college basketball's March MadnessFinal Four
81.1%
'...and seven years ago our fathers brought forth on this continent a new nation, conceived in Liberty, and dedicated to the proposition that all men are created equal'Four Score
78.3%
Game played with a rubber ball, on a court that is divided into quadrantsFour Square
76%
Transmission that provides power directly to all wheels of a motor vehicleFour-Wheel Drive
74.8%
Canadian based hotel chain that is ranked amongst the best luxury hotels in the worldFour Seasons
67.7%
Milton Bradley game in which two players alternate dropping color discs to form this patternConnect Four
67.3%
One of many Beatles nicknamesThe Fab Four
62.9%
Hint Answers % Correct
Book of Revelation's Conquest, War, Famine, and DeathFour Horsemen
56.7%
2008 comedy starring Vince Vaughn and Reese WitherspoonFour Christmases
56.7%
1994 British comedy starring Hugh Grant, received an Academy Award nomination for Best Picture Four Weddings and a Funeral
53.2%
2005 action movie that starred Mark Wahlberg and Tyrese GibsonFour Brothers
46.3%
American vocal quartet, that was founded by Levi Stubbs in 1953Four Tops
27.9%
Book written by former Major League Baseball pitcher Jim Bouton in 1970Ball Four
20.1%
1902 adventure novel by A.E.W. Mason, also a film in 2002 starring Heath Ledger and Kate HudsonThe Four Feathers
11.1%
Name given to a leftist group comprised of Chinese Communist officials that became prominent during the Cultural RevolutionGang of Four
8.7%
Great Learning, Doctrine of the Mean, Analects of Confucius, and MenciusFour Books of Confucianism
3.4%

You're not logged in!

Compare scores with friends on all Sporcle quizzes.
OR
Log In

Sporcle TV

Today on Sporcle TV


Watch our educational content, quiz creation guides, and fun videos on Sporcle TV.

Show Comments

Extras

Top Quizzes Today


Score Distribution

Your Account Isn't Verified!

In order to create a playlist on Sporcle, you need to verify the email address you used during registration. Go to your Sporcle Settings to finish the process.

Report this User

Report this user for behavior that violates our Community Guidelines.

Details: